| 000 | 00404nam a22001937a 4500 | ||
|---|---|---|---|
| 003 | OSt | ||
| 005 | 20210908102726.0 | ||
| 008 | 210908b |||||||| |||| 00| 0 eng d | ||
| 020 | _aISBN8171418503 | ||
| 040 | _cHU | ||
| 050 | _a1 | ||
| 082 | _a577/KHA | ||
| 100 |
_aD.R KHANNA _92218 |
||
| 245 | _aMICROBIAL ECOLOGY | ||
| 250 | _a1 | ||
| 260 |
_bDPH _c2004 |
||
| 300 | _a277 | ||
| 942 |
_2ddc _cBOOKS _n0 |
||
| 999 |
_c2562 _d2562 |
||